Internet and world wide web : how to program / (Record no. 1787)

MARC details
000 -LEADER
Fixed length control field 00587nam a2200193 4500
003 - CONTROL NUMBER IDENTIFIER
Control field SEACOMEC
005 - DATE AND TIME OF LATEST TRANSACTION
Control field 20241223132817.0
008 - FIXED-LENGTH DATA ELEMENTS--GENERAL INFORMATION
Fixed length control field 241106b |||||||| |||| 00| 0 eng d
020 ## - INTERNATIONAL STANDARD BOOK NUMBER / ISBN
International Standard Book Number 9780131450912
Price 610.00
040 ## - CATALOGING SOURCE
Original cataloging agency SEACOMEC
082 ## - DEWEY DECIMAL CLASSIFICATION NUMBER
Classification number 004.628
Book Number D325
100 ## - MAIN ENTRY--PERSONAL NAME
Personal name Deitel, H. M.
245 ## - TITLE STATEMENT
Title Internet and world wide web : how to program /
Statement of responsibility H. M. Deitel, A.J.Deitel, and A.B. Goldbing
250 ## - EDITION STATEMENT
Edition statement 3rd ed.
260 ## - IMPRINT
Place of publication Delhi:
Name of publisher Pearson Education,
Date of publication 2004, 2007
300 ## - PHYSICAL DESCRIPTION
Page / Vol. No liv, 1535 p.; : 24 cm.
650 ## - SUBJECT ADDED ENTRY--TOPICAL TERM
Topical term Internet programming - World Wide Web
942 ## - ADDED ENTRY ELEMENTS (KOHA)
Koha item type Books
Holdings
Withdrawn status Lost status Source of classification Damaged status Not for loan Home library Current library Date acquired Total Checkouts Call number Accession number Date last seen Price effective from Koha item type Copy number
    Dewey Decimal Classification     SEACOM ENGINEERING COLLEGE SEACOM ENGINEERING COLLEGE 31/07/2007   004.628 D325 7770 06/11/2024 06/11/2024 Books  
    Dewey Decimal Classification     SEACOM ENGINEERING COLLEGE SEACOM ENGINEERING COLLEGE 31/07/2007   004.628 D325 7771 06/11/2024 06/11/2024 Books 1
    Dewey Decimal Classification     SEACOM ENGINEERING COLLEGE SEACOM ENGINEERING COLLEGE 31/07/2007   004.628 D325 7772 06/11/2024 06/11/2024 Books 2
    Dewey Decimal Classification     SEACOM ENGINEERING COLLEGE SEACOM ENGINEERING COLLEGE 02/05/2008   004.628 D325 11390 23/12/2024 23/12/2024 Books 3
    Dewey Decimal Classification     SEACOM ENGINEERING COLLEGE SEACOM ENGINEERING COLLEGE 02/05/2008   004.628 D325 11391 23/12/2024 23/12/2024 Books 4
© Seacom Engineering College, All rights reserved.      Powered by Koha